Grúas

Сохранить в:
Библиографические подробности
Главный автор: Larrodé, Emilio (Автор)
Другие авторы: Miravete, Antonio (autor)
Формат:
Язык:испанский
Опубликовано: Zaragoza Universidad de Zaragoza 1996
Редактирование:1a. ed
Предметы:
Метки: Добавить метку
Нет меток, Требуется 1-ая метка записи!

MARC

LEADER 00000nam a2200000 a 4500
001 UCK3646
003 CL-VaPUC
008 050506e19960000SP |||||||||||||||||spa|d
020 |a 8460546632 
082 0 4 |a 621.872  |b LAR  |2 21 
100 |a Larrodé, Emilio  |e author  |9 553540 
700 |a Miravete, Antonio  |e autor  |9 553539 
245 1 0 |a Grúas 
250 |a 1a. ed 
300 |a 554 p 
942 |c BK 
945 |d 20050506 00:00:00  |a cmena 
260 |a Zaragoza  |b Universidad de Zaragoza  |c 1996 
650 7 |a GRUAS  |2 CL-VaPUC  |9 267275 
650 0 |a Ingeniería mecánica   |9 262089 
650 0 |a Resistencia de materiales  |9 260095 
583 |a last modification  |c 20050506 00:00:00  |k Rodrigo Vera 
999 |c 312764  |d 312762 
952 |0 0  |1 0  |4 0  |6 621_872000000000000_LAR_1996  |7 0  |8 A  |9 383589  |a BIBMEC  |b BIBMEC  |d 2019-11-21  |i 4116852  |o 621.872 LAR 1996  |p 4116852  |r 2024-01-19  |w 2019-11-21  |y BK  |k MEC